000 00680nam a22002417a 4500
003 DO-SdBNP
005 20180209112131.0
008 161104b 1998 sp a||| 00| 0 spa d
020 _a9788420762715
040 _aBPMSU
_bspa
_cBPMSU
082 4 _axxxx
_bxxxx
100 1 _aMartin, Andreu
245 1 _a¡Ay, que me hago pis! /
_cAndreu Martin ; ilustraciones Francesc Rovira
250 _a2a ed.
260 _aMadrid :
_bAnaya,
_c1998.
300 _a78 p. :
_bil.,
_c19 cm.
490 1 _aCuentos de sí
700 1 _aRovira, Francesc,
_eil.
830 0 _aCuentos de sí
942 _2ddc
_cBK
945 _aInventariado, 2018 / BT
956 _aBTAVÁREZ
_b10
_d20161104
_fBPMSU
_h0038
999 _c11798
_d11798